Statistiques concernant Alphabet des personnages du monde de Harry Potter

Cliquez ici pour prendre le quiz!

Statistiques générales

  • Ce quiz a été pris 522 fois
    (403 depuis la dernière actualisation)
  • Le résultat moyen est 16 sur 26

Statistiques - réponses

Lettres Personnages % Correct
PPansy Parkinson / Famille Patil / Peeves / Pettigrow / Famille Potter / Poppy Pomfresh / Pattenrond / Famille Poufsouffle / Ignotus Peverell
94%
GFamille Goyle / Famille Granger / Graup / Famille Gryffondor
91%
WFamille Weasley / Winky
89%
DFamille Dumbledore / Famille Diggory / Fleur Delacour / Olivier Dubois / Famille Dursley
88%
LFamille Londubat / Famille Lestrange / Pr Lupin / Famille Lovegood / Pr Lockhart
88%
MMme Maxime / Famille Malefoy / Mimi Geignarde / Pr McGonagall / Pr Maugrey
83%
BLavande Brown / Le Baron Sanglant / Katie Bell / Pr Bibine / Famille Black / Buck / Burbage
82%
CCrockdur / Croûtard / Cho Chang / Famille Crabbe / Famille Croupton / Famille Carrow / Pr Chourave / Colin Crivey
80%
FSeamus Finnigan / Cornelius Fudge / Mondingus Fletcher / Pr Flitwick / Fumseck / Firenze
74%
RPr Rogue / Argus Rusard
71%
TDean Thomas / Famille Tonks / Pr Trelawney / Touffu / Trevor
71%
QPr Quirell
69%
SRita Skeeter / Alicia Spinnet / Famille Serdaigle / Famille Serpentard / Pr Sinistra / Kingsley Shacklebolt / Pr Slughorn
68%
JTom Elvis Jedusor / Angelina Johnson / Lee Jordan / Bertha Jorkins
62%
HRubeus Hagrid / Hedwige
62%
KIgor Karkaroff / Victor Krum / Kreattur
57%
AHannah Abbot / Aragog
55%
VLord Voldemort / Septima Vector / Romilda Vane / Emmeline Vance / Ludo Verpey
54%
OOllivander / Pr Ombrage
51%
ZBlaise Zabini / Zacharias Smith
40%
XXenophilius Lovegood
33%
NNick Quasi-sans-tête / Nagini / Norbert
33%
IIgor Karkaroff / Irma Pince
27%
YYolanda Reedham / Yaxley
22%
ELily Evans / Marietta Edgecombe / Everard / Errol
21%
UUrquhart
5%

Distribution des résultats

Percentile by Number Answered

% des personnes avec chaque résultat

Votre développement - résultats

Vous n’avez pas pris ce quiz depuis la dernière actualisation